Las estructuras político-administrativas de la Colonia y la formación de los Estados Nacionales
Saved in:
| Hovedforfatter: | |
|---|---|
| Format: | Bog |
| Sprog: | spansk |
| Udgivet: |
Madrid
Instituto de Cooperación Iberoamericana
1986
|
| Fag: | |
| Tags: |
Tilføj Tag
Ingen Tags, Vær først til at tagge denne postø!
|
MARC
| LEADER | 00000nam a2200000 a 4500 | ||
|---|---|---|---|
| 001 | UCX8706 | ||
| 003 | CL-VaPUC | ||
| 008 | 940420e19860000SP |||||||||||||||||spa|d | ||
| 082 | 0 | 4 | |a 980 |b PER |2 21 |
| 100 | 0 | |a Perez-Prendes y Muñoz de Arraco, José Manuel |e author |9 325889 | |
| 245 | 1 | 4 | |a Las estructuras político-administrativas de la Colonia y la formación de los Estados Nacionales |
| 300 | |a 10 p | ||
| 942 | |c BK | ||
| 945 | |d 19940420 00:00:00 |a aalvarez | ||
| 260 | |a Madrid |b Instituto de Cooperación Iberoamericana |c 1986 | ||
| 650 | 0 | |a Historia |9 255047 | |
| 651 | 0 | |a América |9 255182 | |
| 583 | |a last modification |c 19940420 00:00:00 |k Rodrigo Vera | ||
| 999 | |c 228128 |d 228126 | ||
| 952 | |0 0 |1 0 |4 0 |6 980_000000000000000_PER_1986 |7 0 |8 DER_HDC |9 227772 |a BIBDER |b BIBDER |d 2019-11-15 |i 2970112 |o 980 PER 1986 |p 2970112 |r 2023-01-25 |w 2019-11-15 |x Ubicación 4to Piso |y BK_X |z Estos recursos deben solicitarse con anticipación |k DER | ||